| 000 | 00394nam a22001457a 4500 | ||
|---|---|---|---|
| 020 | _a9781292060507 | ||
| 040 | _cNUST | ||
| 082 | _a629.83 KHA(PC) | ||
| 100 |
_aKhalil, Hassan K _958867 |
||
| 245 | _aNonlinear Control (PC) | ||
| 250 | _aGlobal Edition | ||
| 260 |
_aEngland: _bPearson Education Limited, _c2015. |
||
| 650 |
_aNonlinear Theories.Nonlinear Control _9103966 |
||
| 942 |
_2ddc _cBK |
||
| 999 |
_c592818 _d592818 |
||